| 000 | 00589nam a2200241Ia 4500 | ||
|---|---|---|---|
| 008 | 210210b2008 xxu||||| |||| 00| 0 eng d | ||
| 041 | _aeng | ||
| 082 | _a032.02 SACC | ||
| 100 | _aSACHDEVA (S K) Ed | ||
| 245 | _aCompetition success review general knowledge at a glance | ||
| 260 |
_aNew Delhi _bCompetition Review Pvt. Ltd. _c2008 |
||
| 300 | _a104 | ||
| 650 | _asuccess | ||
| 650 | _areview | ||
| 650 | _aknowledge | ||
| 650 | _aglance | ||
| 650 | _ageneral | ||
| 650 | _aCompetition | ||
| 650 | _aat | ||
| 650 | _aa | ||
| 690 | _aGeneral Knowledge | ||
| 906 | _aSG05063 | ||
| 999 |
_c133380 _d133380 |
||